Civilian radioactive waste disposal : hearings before the Committee on Energy and Natural Resources, United States Senate, One hundredth Congress, first session, on S. 1007 ... S. 1141 ... S. 1211 ... S. 1266 ... S. 1428 ... July 16 and 17, 1987.

Bibliographic Details
Corporate Authors: United States. Congress. Senate. Committee on Energy and Natural Resources, ProQuest (Firm)
Format: Government Document eBook
Language:English
Published: Washington : U.S. G.P.O., 1987.
Series:U.S. Congressional Hearings.
Subjects:
Online Access:Connect to the full text of this electronic book

MARC

Tag First Indicator Second Indicator Subfields
LEADER 00000cam a22000001a 4500
001 in00003220719
006 m d f
007 cr bn mmmapmmp
008 091020s1987 dcua ob f000 0 eng d
005 20260511211654.1
035 |a cis2007454115 
040 |a UMI  |c UMI  |d UtOrBLW 
043 |a n-us--- 
074 |a 1040-A, 1040-B (microfiche) 
086 0 |a Y 4.En 2:S.hrg.100-293 
099 |a HRG-1987-NAR-0029 
110 1 |a United States.  |b Congress.  |b Senate.  |b Committee on Energy and Natural Resources. 
245 1 0 |a Civilian radioactive waste disposal :  |b hearings before the Committee on Energy and Natural Resources, United States Senate, One hundredth Congress, first session, on S. 1007 ... S. 1141 ... S. 1211 ... S. 1266 ... S. 1428 ... July 16 and 17, 1987. 
264 1 |a Washington :  |b U.S. G.P.O.,  |c 1987. 
300 |a 1 online resource. 
336 |a text  |b txt  |2 rdacontent 
337 |a computer  |b c  |2 rdamedia 
338 |a online resource  |b cr  |2 rdacarrier 
490 1 |a S. hrg. ;  |v 100-293 
500 |a Record is based on bibliographic data in ProQuest Congressional Hearings Digital Collection. Reuse except for individual research requires license from ProQuest, LLC. 
504 |a Includes bibliographies. 
538 |a System requirements: PDF reader software. 
500 |a Electronic resource. 
650 0 |a Radioactive waste sites  |z United States. 
650 0 |a Radioactive waste disposal  |x Law and legislation  |z United States. 
650 0 |a Radioactive waste disposal under the seabed  |x Research  |z United States. 
650 0 |a Reactor fuel reprocessing  |x Law and legislation  |z United States. 
655 7 |a Electronic books.  |2 local 
710 2 |a ProQuest (Firm) 
776 0 8 |i Print version:  |a United States. Congress. Senate. Committee on Energy and Natural Resources  |t Civilian radioactive waste disposal  |w (OCoLC)17272599  |w gp 88006204 
776 0 8 |i Microfiche version:  |a United States. Congress. Senate. Committee on Energy and Natural Resources  |t Civilian radioactive waste disposal.  |d [Bethesda, Md.] : ProQuest,[2004]  |o CIS 88 S311-19  |w (ProQuest)cis08802113 
810 1 |a United States.  |b Congress.  |b Senate.  |t S. hrg. ;  |v 100-293. 
830 0 |a U.S. Congressional Hearings. 
856 4 0 |u http://proxy.library.tamu.edu/login?url=https://congressional.proquest.com/congcomp/getdoc?HEARING-ID=HRG-1987-NAR-0029  |z Connect to the full text of this electronic book  |t 0 
998 |a cis08802113 
999 |a MARS 
999 f f |s fa133b92-29c4-3163-9b58-564687d38620  |i a4ec8cdc-b990-3cbf-ae0c-c60270446e7b  |t 0 
952 f f |a Texas A&M University  |b College Station  |c Electronic Resources  |s www_evans  |d Available Online  |t 0  |e HRG-1987-NAR-0029  |h Other scheme 
998 f f |a HRG-1987-NAR-0029  |t 0  |l Available Online